The Financial Performance of Cultural and Creative Industries in Slovakia: a Quartile-Based Analysis

Táto štúdia skúma finančnú výkonnosť kultúrneho a kreatívneho priemyslu (KKP) na Slovensku v rokoch 2018 až 2023 pomocou kvartálnej analýzy kľúčových finančných ukazovateľov: pomer pasív k aktívam, pomer peňažných prostriedkov a návratnosť vlastného kapitálu (ROE). Zameraním sa na šesť sektorov – ar...

ver descrição completa

Na minha lista:
Detalhes bibliográficos
Autor principal: Uhliar, Miroslav, 1981-
Formato: Capítulo de Livro
Idioma:inglês
Assuntos:
Tags: Adicionar Tag
Sem tags, seja o primeiro a adicionar uma tag!

MARC

LEADER 00000naa$a2200000$$$4500
001 0311312
005 20250626092908.0
041 0 |a eng 
044 |a SK 
245 1 0 |a The Financial Performance of Cultural and Creative Industries in Slovakia: a Quartile-Based Analysis  |c Miroslav Uhliar 
520 |a Táto štúdia skúma finančnú výkonnosť kultúrneho a kreatívneho priemyslu (KKP) na Slovensku v rokoch 2018 až 2023 pomocou kvartálnej analýzy kľúčových finančných ukazovateľov: pomer pasív k aktívam, pomer peňažných prostriedkov a návratnosť vlastného kapitálu (ROE). Zameraním sa na šesť sektorov – architektonické a inžinierske činnosti, reklamu a prieskum trhu, fotografické činnosti, vydavateľské činnosti, filmovú a televíznu produkciu a kreatívne umenie a zábavu – výskum odhaľuje významné trendy vo finančnej stabilite, likvidite a ziskovosti. 
610 2 0 |a priemysel kreatívny 
610 2 0 |a kultúra 
610 2 0 |a výkonnosť podniku 
610 2 0 |a výkonnosť finančná 
100 1 |a Uhliar, Miroslav, 1981-